书目信息 |
| 题名: |
FPX使用精解
|
|
| 作者: | 吕新平 编 | |
| 分册: | ||
| 出版信息: | 西安 西安交通大学出版社 |
|
| 页数: | 355页 | |
| 开本: | 16开 | |
| 丛书名: | ||
| 单 册: | ||
| 中图分类: | TP311.13 | |
| 科图分类: | ||
| 主题词: | 软件 | |
| 电子资源: | ||
| ISBN: | 7-5605-0793-X | |
| 000 | 00531nam0 2200193 45 | |
| 001 | 0006181054 | |
| 005 | 20000618100933.8 | |
| 010 | @a7-5605-0793-X@d22.00元 | |
| 100 | @a20000618d km y0chiy0120 ea | |
| 101 | 0 | @achi |
| 105 | @a z 000yy | |
| 200 | 1 | @aFPX使用精解@AFPX Shi Yong Jing Jie@f吕新平等编@FLu Xin Ping Deng Bian |
| 210 | @a西安@c西安交通大学出版社 | |
| 215 | @a355页@d16开 | |
| 606 | 0 | @a软件 |
| 690 | @aTP311.13@v3 | |
| 701 | 0 | @a吕新平@4编 |
| 801 | @aCN@bPftUser@c20000618 | |
| 905 | @b206187@dTP311.13@eL698@f1 | |
| FPX使用精解/吕新平等编.-西安:西安交通大学出版社 |
| 355页;16开 |
| ISBN 7-5605-0793-X:22.00元 |
| ● |
| 相关链接 |
|
|
|
正题名:FPX使用精解
索取号:TP311.13/L698
 
预约/预借
| 序号 | 登录号 | 条形码 | 馆藏地/架位号 | 状态 | 备注 |
| 1 | 206187 | 202061874 | 期刊室512/301自科库 40排2列3层/ [索取号:TP311.13/L698] | 在馆 |